延長5000m以上の道路トンネル - Statistics

General Stats
  • This quiz has been taken 67 times
  • The average score is 7 of 17
Answer Stats
都道府県 道路名 延長 回答 % Correct
東京都 首都高速中央環状線 18597m 山手トンネル
87%
群馬県新潟県 関越自動車道 11055m 関越トンネル
79%
長野県岐阜県 中央自動車道 8649m 恵那山トンネル
69%
千葉県神奈川県 東京湾アクアライン 9607m 東京湾アクアトンネル
58%
岐阜県 東海北陸自動車道 10712m 飛騨トンネル
56%
埼玉県山梨県 国道140号 6625m 雁坂トンネル
48%
大阪府奈良県 阪奈自動車道 5578m 阪奈トンネル
37%
兵庫県 阪神高速32号 6910m 新神戸トンネル
35%
山形県福島県 東北中央自動車道 8972m 栗子トンネル
29%
熊本県宮崎県 九州自動車道 6264m 加久藤トンネル
27%
熊本県 九州自動車道 6340m 肥後トンネル
23%
山形県 日本海東北自動車道 6022m あつみトンネル
21%
愛媛県高知県 国道194号 5432m 寒風山トンネル
21%
大阪府 国道423号 5623m 箕面トンネル
19%
神奈川県 首都高速神奈川7号横浜北線 5900m 横浜北トンネル
17%
富山県 東海北陸自動車道 5932m 袴腰トンネル
15%
兵庫県 阪神高速32号 8055m 第二新神戸トンネル
13%
No matching quizzes found
Score Distribution
Percent of People with Each Score
Percentile by Number Answered
Your Score History
You have not taken this quiz